000 00549nam a2200169Ii 4500
003 JO-AjNU
008 230606s9999||||xx |||||||||||||| ||und||
040 _aJO-AjNU
_beng
_erda
_cJO-AjNU
041 _aeng
050 1 4 _aLC208.8.2015
100 3 _aAL-Amro, Mohammad، Jawad Mahafzah,
_eauthor
_93711
245 0 4 _aThe Effeet of Instructor,s Questions on Classroom Lnteraction From Ajloun National University Students
300 _a29p
336 _atext
_btxt
_2rdacontent
337 _aunmediated
_bn
_2rdamedia
338 _avolume
_bnc
_2rdacarrier
999 _aE1935
_c1935
_d1935